| 000 | 00497pab a2200169 454500 | ||
|---|---|---|---|
| 008 | 180718b2001 xxu||||| |||| 00| 0 eng d | ||
| 100 | _aChakrabarty, Gurupada | ||
| 245 | _aIncome status of Scheduled Castes in rural Uttar Pradesh | ||
| 260 | _c2001 | ||
| 300 | _ap.363-78 | ||
| 362 | _aJan | ||
| 650 | _aScheduled Castes - India - Uttar Pradesh | ||
| 650 | _aBackward classes - India - Uttar Pradesh | ||
| 650 | _aBackward classes | ||
| 773 | _aIndian Journal of Economics | ||
| 909 | _a49142 | ||
| 999 |
_c49142 _d49142 |
||